<?xml version="1.0" encoding="UTF-8"?>
<record
    xmlns:xsi="http://www.w3.org/2001/XMLSchema-instance"
    xsi:schemaLocation="http://www.loc.gov/MARC21/slim http://www.loc.gov/standards/marcxml/schema/MARC21slim.xsd"
    xmlns="http://www.loc.gov/MARC21/slim">

  <leader>01064nam a22001457a 4500</leader>
  <datafield tag="999" ind1=" " ind2=" ">
    <subfield code="c">524434</subfield>
    <subfield code="d">524434</subfield>
  </datafield>
  <controlfield tag="008">231117b           ||||| |||| 00| 0 eng d</controlfield>
  <datafield tag="100" ind1=" " ind2=" ">
    <subfield code="a">Tula, Meenal</subfield>
    <subfield code="9">46111</subfield>
  </datafield>
  <datafield tag="245" ind1=" " ind2=" ">
    <subfield code="a">Economies of care: Imagining food sovereign communities in Eastern Himalayas </subfield>
  </datafield>
  <datafield tag="260" ind1=" " ind2=" ">
    <subfield code="a">Social Action</subfield>
  </datafield>
  <datafield tag="300" ind1=" " ind2=" ">
    <subfield code="a">73(4), Oct-Dec, 2023: p.364-377</subfield>
  </datafield>
  <datafield tag="520" ind1=" " ind2=" ">
    <subfield code="a">Through field aberration experiences and interviews in Chizami, in Phek District, Nagaland. I came to think about economies of cure; a network of traditional subsistence-based practices in indigenous communities that are closely related to women&#x2019;s care and care work today. I look at seeds, labour and food as sites of practicing care, and caring as a paradigm of community and multiplexes exchanges. The aim of the paper is to work towards two inter-related ends; one, to problematic the devaluation of women&#x2019;s care work and two, to foreground the value of these economics of care for imagining, buildings, food sovereign communities. &#x2013; Reproduced  </subfield>
  </datafield>
  <datafield tag="773" ind1=" " ind2=" ">
    <subfield code="a">Social Action</subfield>
  </datafield>
  <datafield tag="906" ind1=" " ind2=" ">
    <subfield code="a">LABOURS</subfield>
  </datafield>
  <datafield tag="942" ind1=" " ind2=" ">
    <subfield code="c">AR</subfield>
  </datafield>
  <datafield tag="952" ind1=" " ind2=" ">
    <subfield code="0">0</subfield>
    <subfield code="1">0</subfield>
    <subfield code="2">ddc</subfield>
    <subfield code="4">0</subfield>
    <subfield code="7">0</subfield>
    <subfield code="9">399489</subfield>
    <subfield code="a">IIPA</subfield>
    <subfield code="b">IIPA</subfield>
    <subfield code="d">2023-11-17</subfield>
    <subfield code="h">73(4), Oct-Dec, 2023: p.364-377</subfield>
    <subfield code="p">AR130314</subfield>
    <subfield code="r">2023-11-17</subfield>
    <subfield code="y">AR</subfield>
  </datafield>
</record>
